[Event "Letojanni op 2nd"]
[Site "Letojanni"]
[Date "2002.12.26"]
[Round "6"]
[White "Motzer, Heinrich"]
[Black "Alibrandi, Alfredo"]
[Result "1/2-1/2"]
[WhiteElo "2044"]
[BlackElo "1693"]
[PlyCount "107"]
[EventDate "2002.12.21"]
[EventType "swiss"]
[EventRounds "9"]
[EventCountry "ITA"]
[SourceTitle "EXT 2007"]
[Source "ChessBase"]
[SourceDate "2006.11.23"]
[SourceVersion "1"]
[SourceVersionDate "2006.11.23"]
[SourceQuality "1"]

1. c4 g6 2. Nf3 Bg7 3. Nc3 Nf6 4. g3 d6 5. Bg2 0-0 6. 0-0 Na6 7. d3 c5 8. a3 Rb8 9. Rb1 Bd7 10. b4 b6 11. Qc2 Qc8 12. Bg5 h6 13. Bxf6 exf6 14. Nd5 Re8 15. e3 Nc7 16. Nd2 Nxd5 17. Bxd5 f5 18. Rfe1 Be6 19. b5 a5 20. a4 Qd8 21. Nf3 Qf6 22. Bxe6 fxe6 23. Kg2 d5 24. Rbd1 Rbc8 25. Qc1 Qf7 26. h3 e5 27. cxd5 Qxd5 28. Qc4 Rcd8 29. Qxd5+ Rxd5 30. e4 Rdd8 31. Kf1 Kf7 32. Ke2 Ke6 33. g4 fxg4 34. hxg4 g5 35. Nd2 Kd6 36. Nc4+ Kc7 37. Rh1 Rf8 38. Rh3 Rf7 39. Ne3 Rd4 40. Ra1 Rd6 41. Nf5 Rdf6 42. Rhh1 Bf8 43. f3 Rh7 44. Kd2 Kd7 45. Kc3 Ke6 46. Kc4 Rg6 47. Ne3 Rd7 48. Nd5 Rd6 49. Rh5 Kf7 50. Rh3 Rge6 51. Ne3 Rg6 52. Nf5 Rdf6 53. Kd5 Re6 54. Kc4 1/2-1/2